[Event "XIX. DBMM Schach"]
[Site "Billerbeck"]
[Date "2019.09.06"]
[Round "4.4"]
[White "Buescher, Henrik"]
[Black "Hartmann, Uwe"]
[Result "1/2-1/2"]
[WhiteElo "2112"]
[BlackElo "1964"]
[Annotator "dgt"]
[PlyCount "53"]
[EventDate "2019.09.??"]
[EventType "team-swiss"]
[EventRounds "7"]
[EventCountry "GER"]
[SourceTitle "XIX. DBMM 2019"]
[Source "FV Schach e.V."]
[SourceDate "2019.09.09"]
[SourceVersion "4"]
[SourceVersionDate "2019.10.16"]
[SourceQuality "1"]
[WhiteTeam "AGI Frankfurt"]
[BlackTeam "le-tex Publishing Services Leipzig"]
[WhiteTeamCountry "GER"]
[BlackTeamCountry "GER"]

1. d4 d5 2. e3 Nf6 3. f4 Bf5 4. Nf3 e6 5. c3 Bd6 6. Be2 h6 7. Qb3 b6 8. Ne5 c6
9. Nd2 Ne4 10. O-O f6 11. Bh5+ Ke7 12. Nf7 Qe8 13. Nxe4 Bxe4 14. Nxd6 Qxh5 15.
Nxe4 dxe4 16. Qb4+ Kf7 17. f5 Re8 18. Qd6 exf5 19. Qc7+ Re7 20. Qc8 f4 21. Rxf4
Qd5 22. b3 Qd7 23. Qxd7 Nxd7 24. Ba3 Re6 25. Rd1 Rc8 26. c4 Rc7 27. Bb2 1/2-1/2

[Event "XIX. DBMM Schach"]
[Site "Billerbeck"]
[Date "2019.09.06"]
[Round "4.1"]
[White "Hohlfeld, Wolfgang"]
[Black "Ginsburg, Gennadi"]
[Result "0-1"]
[WhiteElo "2067"]
[BlackElo "2415"]
[Annotator "br"]
[PlyCount "74"]
[EventDate "2019.09.??"]
[EventType "team-swiss"]
[EventRounds "7"]
[EventCountry "GER"]
[SourceTitle "XIX. DBMM 2019"]
[Source "FV Schach e.V."]
[SourceDate "2019.09.09"]
[SourceVersion "4"]
[SourceVersionDate "2019.10.16"]
[SourceQuality "1"]
[WhiteTeam "Baubehoerde Hamburg"]
[BlackTeam "Software AG Darmstadt"]
[WhiteTeamCountry "GER"]
[BlackTeamCountry "GER"]

1. e4 c5 2. c3 Nf6 3. e5 Nd5 4. d4 cxd4 5. Nf3 Nc6 6. Bc4 e6 7. cxd4 d6 8. Qe2
Be7 9. O-O O-O 10. Nc3 Nxc3 11. bxc3 dxe5 12. dxe5 Qa5 13. Bd2 Rd8 14. Rfe1 Bd7
15. Bd3 Be8 16. Nd4 Qd5 17. Be4 Nxd4 18. cxd4 Qxd4 19. Bxb7 Rab8 20. Ba5 Bb4
21. Red1 Bxa5 22. Rxd4 Rxd4 23. Be4 Rd2 24. Qc4 Bb6 25. Rf1 Rbd8 26. h3 h5 27.
h4 g6 28. Bf3 R2d4 29. Qc1 Rd2 30. a3 Bb5 31. Rd1 Bxf2+ 32. Kh2 R8d4 33. g3
Be3+ 34. Kh3 Rxd1 35. Qxe3 Bf1+ 36. Bg2 Bxg2+ 37. Kxg2 R4d2+ 0-1

[Event "XIX. DBMM Schach"]
[Site "Billerbeck"]
[Date "2019.09.06"]
[Round "4.2"]
[White "Zude, Arno"]
[Black "Hein, Ralf"]
[Result "1-0"]
[WhiteElo "2372"]
[BlackElo "2062"]
[Annotator "br"]
[PlyCount "91"]
[EventDate "2019.09.??"]
[EventType "team-swiss"]
[EventRounds "7"]
[EventCountry "GER"]
[SourceTitle "XIX. DBMM 2019"]
[Source "FV Schach e.V."]
[SourceDate "2019.09.09"]
[SourceVersion "4"]
[SourceVersionDate "2019.10.16"]
[SourceQuality "1"]
[WhiteTeam "Software AG Darmstadt"]
[BlackTeam "Baubehoerde Hamburg"]
[WhiteTeamCountry "GER"]
[BlackTeamCountry "GER"]

1. e4 e5 2. Nf3 Nc6 3. Bc4 Be7 4. d4 d6 5. dxe5 dxe5 6. Qxd8+ Bxd8 7. Nc3 Nf6
8. Bg5 Bg4 9. Nd2 Nd4 10. Bd3 c6 11. Nc4 Bc7 12. O-O Nd7 13. f3 Be6 14. Rf2 b5
15. Ne3 f6 16. Bh4 Bb6 17. Ncd1 Nc5 18. Bf1 Bd7 19. c3 Nde6 20. Rd2 O-O-O 21.
Bf2 Nf4 22. b4 Na4 23. c4 a6 24. Rc1 Kb7 25. g3 Nh3+ 26. Bxh3 Bxh3 27. Rxd8
Rxd8 28. c5 Bc7 29. g4 h5 30. Be1 hxg4 31. fxg4 Rh8 32. Nf2 g6 33. Rd1 f5 34.
exf5 gxf5 35. Nxf5 e4 36. Nxh3 Rxh3 37. Bg3 Bxg3 38. hxg3 Nc3 39. Rd7+ Kc8 40.
Re7 Kd8 41. Kg2 Rh8 42. Ra7 Re8 43. Rxa6 Re6 44. Nd4 Rg6 45. Nxc6+ Kc7 46. Ra7+
1-0

[Event "XIX. DBMM Schach"]
[Site "Billerbeck"]
[Date "2019.09.06"]
[Round "4.3"]
[White "Buchholz, Robert"]
[Black "Eckert, Roland"]
[Result "0-1"]
[WhiteElo "1988"]
[BlackElo "2006"]
[Annotator "br"]
[PlyCount "114"]
[EventDate "2019.09.??"]
[EventType "team-swiss"]
[EventRounds "7"]
[EventCountry "GER"]
[SourceTitle "XIX. DBMM 2019"]
[Source "FV Schach e.V."]
[SourceDate "2019.09.09"]
[SourceVersion "4"]
[SourceVersionDate "2019.10.16"]
[SourceQuality "1"]
[WhiteTeam "Baubehoerde Hamburg"]
[BlackTeam "Software AG Darmstadt"]
[WhiteTeamCountry "GER"]
[BlackTeamCountry "GER"]

1. d4 Nf6 2. c4 e6 3. Nf3 b6 4. g3 Bb7 5. Bg2 Be7 6. Nc3 Ne4 7. Nxe4 Bxe4 8.
O-O O-O 9. Ne5 Bxg2 10. Kxg2 d6 11. Nd3 Bf6 12. Be3 c5 13. Ne1 d5 14. cxd5
Qxd5+ 15. Nf3 c4 16. b3 b5 17. bxc4 Qxc4 18. Qb3 Qxb3 19. axb3 Rc8 20. Rfc1
Rxc1 21. Rxc1 Nd7 22. Rc7 Nb6 23. d5 Nxd5 24. Rb7 Nxe3+ 25. fxe3 a6 26. e4 Bc3
27. e3 f6 28. Nd4 Bxd4 29. exd4 Rd8 30. Re7 Rxd4 31. Rxe6 Kf7 32. Rxa6 Rxe4 33.
Kf3 Rb4 34. Ra3 h5 35. h4 Ke6 36. Ke3 Kf5 37. Kf3 g5 38. hxg5 fxg5 39. Ke3 Kg4
40. Kf2 Kh3 41. Kf3 Rg4 42. Ke3 Rxg3+ 43. Kd4 b4 44. Ra5 Rxb3 45. Rxg5 h4 46.
Rg1 Kh2 47. Rd1 Rb2 48. Ke3 Kg2 49. Rd4 Kg3 50. Rc4 h3 51. Rc8 h2 52. Rg8+ Kh3
53. Rh8+ Kg2 54. Rg8+ Kf1 55. Rf8+ Kg1 56. Rg8+ Rg2 57. Rc8 h1=Q 0-1

[Event "XIX. DBMM Schach"]
[Site "Billerbeck"]
[Date "2019.09.06"]
[Round "4.4"]
[White "Mohr, Thomas"]
[Black "Kaliski, Achim"]
[Result "1/2-1/2"]
[WhiteElo "1904"]
[BlackElo "1969"]
[Annotator "br"]
[PlyCount "76"]
[EventDate "2019.09.??"]
[EventType "team-swiss"]
[EventRounds "7"]
[EventCountry "GER"]
[SourceTitle "XIX. DBMM 2019"]
[Source "FV Schach e.V."]
[SourceDate "2019.09.09"]
[SourceVersion "4"]
[SourceVersionDate "2019.10.16"]
[SourceQuality "1"]
[WhiteTeam "Software AG Darmstadt"]
[BlackTeam "Baubehoerde Hamburg"]
[WhiteTeamCountry "GER"]
[BlackTeamCountry "GER"]

1. f4 f5 2. Nf3 Nf6 3. e3 g6 4. d4 d5 5. Be2 Bg7 6. O-O O-O 7. Ne5 Nbd7 8. Nd2
Nxe5 9. fxe5 Ne4 10. Nxe4 fxe4 11. c4 e6 12. b4 Bd7 13. Qb3 c6 14. a4 a6 15. a5
Rxf1+ 16. Bxf1 Qe7 17. Ba3 Qf7 18. Be2 Bf8 19. Rf1 Qg7 20. Bc1 Be7 21. Bd2 Rf8
22. g3 Rxf1+ 23. Bxf1 g5 24. b5 axb5 25. cxb5 cxb5 26. Bxb5 Bd8 27. Be2 Bc6 28.
Qc2 Qd7 29. Bb4 Qe8 30. Qc5 h5 31. Qd6 g4 32. Bf1 Kg7 33. Qc5 Bg5 34. Qc3 Kg6
35. Be2 Bb5 36. Bd1 Bd3 37. Qc1 Qb5 38. Bd2 Qd7 1/2-1/2

[Event "XIX. DBMM Schach"]
[Site "Billerbeck"]
[Date "2019.09.06"]
[Round "4.1"]
[White "Bohnhoff, Peter"]
[Black "Seger, Ruediger"]
[Result "1/2-1/2"]
[WhiteElo "2078"]
[BlackElo "2332"]
[Annotator "br"]
[PlyCount "34"]
[EventDate "2019.09.??"]
[EventType "team-swiss"]
[EventRounds "7"]
[EventCountry "GER"]
[SourceTitle "XIX. DBMM 2019"]
[Source "FV Schach e.V."]
[SourceDate "2019.09.09"]
[SourceVersion "4"]
[SourceVersionDate "2019.10.16"]
[SourceQuality "1"]
[WhiteTeam "Europaeisches Patentamt Muenchen"]
[BlackTeam "Deutsche Post Bonn"]
[WhiteTeamCountry "GER"]
[BlackTeamCountry "GER"]

1. d4 Nf6 2. Nf3 g6 3. c4 Bg7 4. Nc3 d5 5. e3 O-O 6. cxd5 Nxd5 7. Bc4 Nb6 8.
Bb3 Nc6 9. O-O e5 10. d5 Na5 11. e4 c6 12. Bg5 Bf6 13. Be3 Re8 14. Nd2 Bg5 15.
Qf3 Nxb3 16. axb3 Bd7 17. Nc4 Bxe3 1/2-1/2

[Event "XIX. DBMM Schach"]
[Site "Billerbeck"]
[Date "2019.09.06"]
[Round "4.2"]
[White "Stanetzek, Carsten"]
[Black "Bumes, Konrad"]
[Result "0-1"]
[WhiteElo "2157"]
[BlackElo "1936"]
[Annotator "br"]
[PlyCount "82"]
[EventDate "2019.09.??"]
[EventType "team-swiss"]
[EventRounds "7"]
[EventCountry "GER"]
[SourceTitle "XIX. DBMM 2019"]
[Source "FV Schach e.V."]
[SourceDate "2019.09.09"]
[SourceVersion "4"]
[SourceVersionDate "2019.10.16"]
[SourceQuality "1"]
[WhiteTeam "Deutsche Post Bonn"]
[BlackTeam "Europaeisches Patentamt Muenchen"]
[WhiteTeamCountry "GER"]
[BlackTeamCountry "GER"]

1. e4 c6 2. d4 d5 3. exd5 cxd5 4. c3 Nf6 5. Bf4 Nc6 6. Nd2 e6 7. Bd3 Bd6 8.
Bxd6 Qxd6 9. Ngf3 O-O 10. O-O Re8 11. Re1 e5 12. dxe5 Nxe5 13. Nxe5 Rxe5 14.
Rxe5 Qxe5 15. Qe2 Qxe2 16. Bxe2 Be6 17. Nb3 Kf8 18. f3 Rd8 19. Kf2 Ke7 20. h4
h5 21. Nd4 g6 22. Bd3 Rd6 23. Ke3 Nd7 24. Kf4 Kf6 25. g4 hxg4 26. fxg4 Bxg4 27.
Bxg6 Kxg6 28. Kxg4 Ne5+ 29. Kh3 Kh5 30. Rf1 f6 31. Rf5+ Kg6 32. h5+ Kf7 33. Rf2
Nc6 34. Rd2 Rd8 35. Nf5 Ke6 36. Kg4 Rg8+ 37. Kf4 Rg5 38. Re2+ Kd7 39. Rh2 Ne5
40. Nh6 Rg4+ 41. Ke3 Re4+ 0-1

[Event "XIX. DBMM Schach"]
[Site "Billerbeck"]
[Date "2019.09.06"]
[Round "4.3"]
[White "Lange, Ronny"]
[Black "Gikas, Andreas Basilius"]
[Result "0-1"]
[WhiteElo "1800"]
[BlackElo "2183"]
[Annotator "br"]
[PlyCount "102"]
[EventDate "2019.09.??"]
[EventType "team-swiss"]
[EventRounds "7"]
[EventCountry "GER"]
[SourceTitle "XIX. DBMM 2019"]
[Source "FV Schach e.V."]
[SourceDate "2019.09.09"]
[SourceVersion "4"]
[SourceVersionDate "2019.10.16"]
[SourceQuality "1"]
[WhiteTeam "Europaeisches Patentamt Muenchen"]
[BlackTeam "Deutsche Post Bonn"]
[WhiteTeamCountry "GER"]
[BlackTeamCountry "GER"]

1. e4 c5 2. Nf3 g6 3. d4 Bg7 4. c3 d5 5. dxc5 dxe4 6. Qxd8+ Kxd8 7. Ng5 Nh6 8.
Nxe4 Bf5 9. Nbd2 Nd7 10. Bb5 Rc8 11. b4 Bxe4 12. Nxe4 f5 13. Bxh6 Bxh6 14. Rd1
Rc7 15. Ng3 Kc8 16. Ne2 e5 17. O-O Nf6 18. Rd3 Rd8 19. Rfd1 Rxd3 20. Rxd3 Bg7
21. Bc4 Re7 22. a4 Kc7 23. a5 a6 24. Kf1 Bh6 25. f3 Rd7 26. Rxd7+ Kxd7 27. g3
Bd2 28. b5 axb5 29. Bxb5+ Kc7 30. Bc4 Kc6 31. a6 bxa6 32. Bxa6 Kxc5 33. Kg2 Nd5
34. Bb7 Ne3+ 35. Kh3 Nd1 36. Kh4 h6 37. Kh3 Bxc3 38. Nxc3 Nxc3 39. g4 Kd4 40.
gxf5 gxf5 41. Bc8 f4 42. Kg4 Ke3 43. Bb7 e4 44. h4 h5+ 45. Kxh5 exf3 46. Bxf3
Kxf3 47. Kg6 Nd5 48. h5 Ne7+ 49. Kf6 Ng8+ 50. Kf5 Kg3 51. Ke4 f3 0-1

[Event "XIX. DBMM Schach"]
[Site "Billerbeck"]
[Date "2019.09.06"]
[Round "4.4"]
[White "Biedekoepper, Robert"]
[Black "Santos, Paulo"]
[Result "0-1"]
[WhiteElo "2048"]
[BlackElo "1776"]
[Annotator "br"]
[PlyCount "94"]
[EventDate "2019.09.??"]
[EventType "team-swiss"]
[EventRounds "7"]
[EventCountry "GER"]
[SourceTitle "XIX. DBMM 2019"]
[Source "FV Schach e.V."]
[SourceDate "2019.09.09"]
[SourceVersion "4"]
[SourceVersionDate "2019.10.16"]
[SourceQuality "1"]
[WhiteTeam "Deutsche Post Bonn"]
[BlackTeam "Europaeisches Patentamt Muenchen"]
[WhiteTeamCountry "GER"]
[BlackTeamCountry "GER"]

1. d4 d5 2. c4 e6 3. Nc3 Nf6 4. cxd5 exd5 5. Bg5 Be7 6. e3 O-O 7. Bd3 c6 8. h3
Be6 9. Nge2 Nbd7 10. Nf4 h6 11. Bh4 c5 12. Nxe6 fxe6 13. O-O c4 14. Bc2 a6 15.
a4 Ne8 16. Bxe7 Qxe7 17. Qg4 Ndf6 18. Qg6 Qf7 19. f3 Qxg6 20. Bxg6 Nc7 21. e4
b5 22. e5 Nd7 23. f4 b4 24. Ne2 a5 25. g4 Nb6 26. Kg2 Nc8 27. Bc2 b3 28. Bb1
Ne7 29. f5 Nc6 30. Rd1 Nb4 31. Rd2 Nc6 32. fxe6 Nxe6 33. Bf5 Nc7 34. Rf1 Ne7
35. Nc3 g6 36. Bb1 Rxf1 37. Kxf1 Rf8+ 38. Kg2 Ne6 39. h4 Rf4 40. Kg3 Rxd4 41.
Rf2 Nc5 42. h5 gxh5 43. gxh5 Nd3 44. Bxd3 Rxd3+ 45. Kf4 d4 46. Ne4 c3 47. Nc5
Rd2 0-1

[Event "XIX. DBMM Schach"]
[Site "Billerbeck"]
[Date "2019.09.06"]
[Round "4.1"]
[White "Schulz, Michael"]
[Black "Scheffner, Axel"]
[Result "1-0"]
[WhiteElo "2213"]
[BlackElo "2249"]
[Annotator "br"]
[PlyCount "99"]
[EventDate "2019.09.??"]
[EventType "team-swiss"]
[EventRounds "7"]
[EventCountry "GER"]
[SourceTitle "XIX. DBMM 2019"]
[Source "FV Schach e.V."]
[SourceDate "2019.09.09"]
[SourceVersion "4"]
[SourceVersionDate "2019.10.16"]
[SourceQuality "1"]
[WhiteTeam "SV Osram Berlin"]
[BlackTeam "Vodafone Duesseldorf"]
[WhiteTeamCountry "GER"]
[BlackTeamCountry "GER"]

1. d4 d5 2. Bg5 c6 3. Nd2 Qb6 4. e3 Nf6 5. Bd3 Bg4 6. Ngf3 Nbd7 7. Bxf6 Nxf6 8.
h3 Bh5 9. O-O e6 10. c4 Be7 11. cxd5 exd5 12. Qc2 Bg6 13. Ne5 Bxd3 14. Qxd3 O-O
15. a3 a5 16. g4 Rfd8 17. f4 c5 18. Rf2 Ne4 19. Nxe4 dxe4 20. Qc4 Qe6 21. Qxe6
fxe6 22. dxc5 Bxc5 23. Re2 b5 24. a4 Rd5 25. axb5 Bb6 26. Ra4 Rxb5 27. Rxe4 Rd8
28. Kf2 Bc7 29. Nf3 Rdb8 30. Rxe6 Rxb2 31. Ra6 h6 32. h4 R2b4 33. g5 hxg5 34.
Nxg5 Bb6 35. Kf3 Rb3 36. Kg4 Bxe3 37. Rxa5 Rf8 38. Rf5 Re8 39. Re5 Rxe5 40.
fxe5 Bc5 41. Rc2 Rb5 42. Kf5 Ra5 43. Kg6 Ra6+ 44. e6 Bf8 45. Rc8 Rb6 46. Re8
Rb4 47. Nh7 Rg4+ 48. Kf5 Rg1 49. Rxf8+ Kxh7 50. e7 1-0

[Event "XIX. DBMM Schach"]
[Site "Billerbeck"]
[Date "2019.09.06"]
[Round "4.2"]
[White "Limbourg, Marina"]
[Black "Rath, Alina"]
[Result "1/2-1/2"]
[WhiteElo "2030"]
[BlackElo "2099"]
[Annotator "br"]
[PlyCount "76"]
[EventDate "2019.09.??"]
[EventType "team-swiss"]
[EventRounds "7"]
[EventCountry "GER"]
[SourceTitle "XIX. DBMM 2019"]
[Source "FV Schach e.V."]
[SourceDate "2019.09.09"]
[SourceVersion "4"]
[SourceVersionDate "2019.10.16"]
[SourceQuality "1"]
[WhiteTeam "Vodafone Duesseldorf"]
[BlackTeam "SV Osram Berlin"]
[WhiteTeamCountry "GER"]
[BlackTeamCountry "GER"]

1. e4 c5 2. Nf3 Nc6 3. d4 cxd4 4. Nxd4 Nf6 5. Nc3 d6 6. f3 e6 7. Be3 Be7 8. Qd2
O-O 9. g4 Nxd4 10. Bxd4 a6 11. O-O-O b5 12. h4 Bb7 13. h5 Nd7 14. Be3 Ne5 15.
f4 Nxg4 16. Rg1 Nxe3 17. Qxe3 Kh8 18. h6 g6 19. Bh3 Qc7 20. Qd4+ e5 21. Qe3
Rad8 22. Rgf1 Qc5 23. Qd3 exf4 24. Rxf4 Qg5 25. Qf3 Qxh6 26. Kb1 f5 27. Nd5 Bg5
28. Qc3+ Qg7 29. Rf3 fxe4 30. Rxf8+ Rxf8 31. Qxg7+ Kxg7 32. Nc7 Bc8 33. Bxc8
Rxc8 34. Ne6+ Kf6 35. Rxd6 Ke5 36. Rxa6 Be3 37. a3 Bh6 38. c3 Be3 1/2-1/2

[Event "XIX. DBMM Schach"]
[Site "Billerbeck"]
[Date "2019.09.06"]
[Round "4.3"]
[White "Gebert Vangeel, Ralf"]
[Black "Hauck, Michael"]
[Result "1-0"]
[WhiteElo "1975"]
[BlackElo "1723"]
[Annotator "br"]
[PlyCount "63"]
[EventDate "2019.09.??"]
[EventType "team-swiss"]
[EventRounds "7"]
[EventCountry "GER"]
[SourceTitle "XIX. DBMM 2019"]
[Source "FV Schach e.V."]
[SourceDate "2019.09.09"]
[SourceVersion "4"]
[SourceVersionDate "2019.10.16"]
[SourceQuality "1"]
[WhiteTeam "SV Osram Berlin"]
[BlackTeam "Vodafone Duesseldorf"]
[WhiteTeamCountry "GER"]
[BlackTeamCountry "GER"]

1. e4 g6 2. d4 Bg7 3. Be3 d6 4. Nc3 Nf6 5. h3 O-O 6. Bc4 Nc6 7. Nf3 Nxe4 8.
Nxe4 d5 9. Bd3 dxe4 10. Bxe4 f5 11. Bxc6 bxc6 12. Qd2 Rf6 13. O-O Rb8 14. Rab1
Ba6 15. Rfe1 Rd6 16. Qc3 Rb6 17. b4 Qf8 18. Bf4 Rd5 19. Bxc7 c5 20. Bxb6 axb6
21. bxc5 bxc5 22. Qa3 Qf6 23. Rb8+ Bf8 24. dxc5 Kg7 25. Rb6 e6 26. Qxa6 Bxc5
27. Rbxe6 Qd8 28. Qc4 Bf8 29. Qc3+ Kh6 30. Qf6 Qxf6 31. Rxf6 Bb4 32. Rb1 1-0

[Event "XIX. DBMM Schach"]
[Site "Billerbeck"]
[Date "2019.09.06"]
[Round "4.4"]
[White "Gurevich, Slavik"]
[Black "Mayer, Herbert"]
[Result "0-1"]
[WhiteElo "1799"]
[BlackElo "1800"]
[Annotator "hm"]
[PlyCount "120"]
[EventDate "2019.09.??"]
[EventType "team-swiss"]
[EventRounds "7"]
[EventCountry "GER"]
[SourceTitle "XIX. DBMM 2019"]
[Source "FV Schach e.V."]
[SourceDate "2019.09.09"]
[SourceVersion "4"]
[SourceVersionDate "2019.10.16"]
[SourceQuality "1"]
[WhiteTeam "Vodafone Duesseldorf"]
[BlackTeam "SV Osram Berlin"]
[WhiteTeamCountry "GER"]
[BlackTeamCountry "GER"]

1. e4 c6 2. d4 d5 3. exd5 cxd5 4. c3 Nc6 5. Nf3 Bf5 6. Bf4 e6 7. Bd3 Nge7 8.
O-O Bxd3 9. Qxd3 Ng6 10. Bg3 Bd6 11. Bxd6 Qxd6 12. Nbd2 O-O 13. Rfe1 Nce7 14.
Ne5 Nxe5 15. dxe5 Qb6 16. a4 Rac8 17. b4 Ng6 18. g3 Qc7 19. Rac1 Nxe5 20. Qe3
Nd7 21. c4 Qb6 22. Qb3 Nf6 23. c5 Qd8 24. Red1 Qe7 25. Re1 Rc7 26. Rc2 Rfc8 27.
Qd3 b6 28. Nb3 Ne4 29. f3 bxc5 30. fxe4 c4 31. Qe3 cxb3 32. Rxc7 Qxc7 33. Qxb3
dxe4 34. Qe3 f5 35. a5 Qc3 36. Qxc3 Rxc3 37. Rb1 Ra3 38. Kf2 Kf7 39. Rc1 Rb3
40. Rc7+ Kf6 41. Rb7 h6 42. a6 g5 43. Rxa7 Rxb4 44. Rb7 Ra4 45. a7 Ke5 46. Rb5+
Kd6 47. Rb6+ Kd5 48. Rb5+ Kc6 49. Rb8 Rxa7 50. Rh8 Kd5 51. Rxh6 Ra2+ 52. Ke3
Ra3+ 53. Ke2 g4 54. Rh8 Kd4 55. Rd8+ Ke5 56. Rh8 Rb3 57. Kd2 Rd3+ 58. Kc2 Kd4
59. Rd8+ Ke3 60. Rh8 Kf2 0-1

[Event "XIX. DBMM Schach"]
[Site "Billerbeck"]
[Date "2019.09.06"]
[Round "4.1"]
[White "Heuermann, Heinz Burkhard"]
[Black "Limbourg, Philipp"]
[Result "1-0"]
[WhiteElo "1982"]
[BlackElo "2224"]
[Annotator "br"]
[PlyCount "85"]
[EventDate "2019.09.??"]
[EventType "team-swiss"]
[EventRounds "7"]
[EventCountry "GER"]
[SourceTitle "XIX. DBMM 2019"]
[Source "FV Schach e.V."]
[SourceDate "2019.09.09"]
[SourceVersion "4"]
[SourceVersionDate "2019.10.16"]
[SourceQuality "1"]
[WhiteTeam "Commerzbank Frankfurt"]
[BlackTeam "RWE AG Essen"]
[WhiteTeamCountry "GER"]
[BlackTeamCountry "GER"]

1. Nf3 e6 2. g3 f5 3. Bg2 Nf6 4. d3 b6 5. Nc3 Bb4 6. Bd2 Bb7 7. O-O O-O 8. a3
Bxc3 9. Bxc3 d6 10. e3 Nbd7 11. Nd4 Qc8 12. Nxe6 Re8 13. Nd4 Bxg2 14. Kxg2 Ne5
15. Nf3 Qb7 16. Bxe5 dxe5 17. Kg1 Rad8 18. Qe2 c5 19. Rad1 Rd6 20. c3 Ng4 21.
h3 Nf6 22. d4 exd4 23. cxd4 f4 24. Ne5 fxe3 25. fxe3 Rde6 26. Rf4 Qc7 27. Qc4
Kh8 28. Kh2 Qe7 29. Rdf1 g5 30. Rf5 Qg7 31. Qb5 Qc7 32. Kg2 h6 33. Qe2 cxd4 34.
exd4 Nd7 35. Qc4 Nxe5 36. dxe5 g4 37. hxg4 Rg6 38. Rf8+ Kh7 39. R8f7+ Rg7 40.
Rxg7+ Qxg7 41. Qd3+ Kg8 42. e6 h5 43. Rf7 1-0

[Event "XIX. DBMM Schach"]
[Site "Billerbeck"]
[Date "2019.09.06"]
[Round "4.2"]
[White "Eggenstein, Frank"]
[Black "Brauer, Frank"]
[Result "1-0"]
[WhiteElo "1995"]
[BlackElo "1797"]
[Annotator "fb"]
[PlyCount "25"]
[EventDate "2019.09.??"]
[EventType "team-swiss"]
[EventRounds "7"]
[EventCountry "GER"]
[SourceTitle "XIX. DBMM 2019"]
[Source "FV Schach e.V."]
[SourceDate "2019.09.09"]
[SourceVersion "4"]
[SourceVersionDate "2019.10.16"]
[SourceQuality "1"]
[WhiteTeam "RWE AG Essen"]
[BlackTeam "Commerzbank Frankfurt"]
[WhiteTeamCountry "GER"]
[BlackTeamCountry "GER"]

1. e4 e5 2. Nf3 Nc6 3. d4 exd4 4. Bc4 Nf6 5. e5 d5 6. Bb5 Ne4 7. Nxd4 Bd7 8.
Bxc6 bxc6 9. O-O Be7 10. f3 Nc5 11. f4 f6 12. f5 fxe5 13. Qh5+ 1-0

[Event "XIX. DBMM Schach"]
[Site "Billerbeck"]
[Date "2019.09.06"]
[Round "4.3"]
[White "Huebner, Detlef"]
[Black "Kuerschners, Stefan"]
[Result "1/2-1/2"]
[WhiteElo "1494"]
[BlackElo "1974"]
[Annotator "br"]
[PlyCount "85"]
[EventDate "2019.09.??"]
[EventType "team-swiss"]
[EventRounds "7"]
[EventCountry "GER"]
[SourceTitle "XIX. DBMM 2019"]
[Source "FV Schach e.V."]
[SourceDate "2019.09.09"]
[SourceVersion "4"]
[SourceVersionDate "2019.10.16"]
[SourceQuality "1"]
[WhiteTeam "Commerzbank Frankfurt"]
[BlackTeam "RWE AG Essen"]
[WhiteTeamCountry "GER"]
[BlackTeamCountry "GER"]

1. c4 c5 2. Nc3 Nf6 3. Nf3 e6 4. d4 cxd4 5. Nxd4 d6 6. e4 Be7 7. Be2 O-O 8. O-O
a6 9. Be3 Qc7 10. Qd3 Nbd7 11. Nf3 b6 12. Nd2 Bb7 13. f4 Rac8 14. Rac1 Qb8 15.
b3 Rfd8 16. Na4 Bc6 17. Nc3 Bb7 18. Bf3 Nc5 19. Qe2 Re8 20. Kh1 Qa8 21. Bxc5
bxc5 22. e5 Nd7 23. Bxb7 Qxb7 24. Nf3 d5 25. cxd5 exd5 26. Rfd1 Nb6 27. Qd3
Rcd8 28. Qf5 Qc6 29. Re1 g6 30. Qg4 f5 31. exf6 Bxf6 32. f5 Rxe1+ 33. Rxe1 Bxc3
34. Re6 Qd7 35. fxg6 h6 36. Qh3 Nc8 37. Qxh6 Qg7 38. Qe3 Rf8 39. Qxc5 Rd8 40.
Rc6 Ne7 41. Rc7 Bf6 42. h4 d4 43. Ng5 1/2-1/2

[Event "XIX. DBMM Schach"]
[Site "Billerbeck"]
[Date "2019.09.06"]
[Round "4.4"]
[White "Broszeit, Peter"]
[Black "Klowski, Bjoern Sigurd"]
[Result "1/2-1/2"]
[WhiteElo "1943"]
[BlackElo "1624"]
[Annotator "bsk"]
[PlyCount "60"]
[EventDate "2019.09.??"]
[EventType "team-swiss"]
[EventRounds "7"]
[EventCountry "GER"]
[SourceTitle "XIX. DBMM 2019"]
[Source "FV Schach e.V."]
[SourceDate "2019.09.09"]
[SourceVersion "4"]
[SourceVersionDate "2019.10.16"]
[SourceQuality "1"]
[WhiteTeam "RWE AG Essen"]
[BlackTeam "Commerzbank Frankfurt"]
[WhiteTeamCountry "GER"]
[BlackTeamCountry "GER"]

1. e4 e6 2. d4 d5 3. Nc3 Nf6 4. Bg5 Be7 5. e5 Nfd7 6. h4 Bxg5 7. hxg5 Qxg5 8.
Nf3 Qe7 9. Qd2 a6 10. O-O-O c5 11. Rh3 cxd4 12. Nxd4 Nxe5 13. Re1 Nbc6 14. f4
Nc4 15. Bxc4 dxc4 16. Nf5 exf5 17. Rxe7+ Nxe7 18. Nd5 Nxd5 19. Qxd5 O-O 20. c3
Be6 21. Qe5 Rad8 22. Rg3 g6 23. Qe2 Rd7 24. Re3 Re8 25. g3 b5 26. a3 Kf8 27.
Qe1 Red8 28. Qe2 Bd5 29. Qe1 Be4 30. Qe2 h5 1/2-1/2

[Event "XIX. DBMM Schach"]
[Site "Billerbeck"]
[Date "2019.09.06"]
[Round "4.1"]
[White "Roitburd, Swetlana"]
[Black "Feikes, Joerg"]
[Result "0-1"]
[WhiteElo "1699"]
[BlackElo "2063"]
[Annotator "jf"]
[PlyCount "62"]
[EventDate "2019.09.??"]
[EventType "team-swiss"]
[EventRounds "7"]
[EventCountry "GER"]
[SourceTitle "XIX. DBMM 2019"]
[Source "FV Schach e.V."]
[SourceDate "2019.09.09"]
[SourceVersion "4"]
[SourceVersionDate "2019.10.16"]
[SourceQuality "1"]
[WhiteTeam "Vodafone Duesseldorf II"]
[BlackTeam "BA Tempelhof Berlin"]
[WhiteTeamCountry "GER"]
[BlackTeamCountry "GER"]

1. e4 e5 2. Nf3 Nc6 3. Bb5 a6 4. Ba4 Nf6 5. d3 b5 6. Bb3 Bc5 7. Bg5 h6 8. Bh4
g5 9. Bg3 d6 10. h3 Na5 11. O-O Nxb3 12. axb3 O-O 13. Nc3 Bb7 14. Qd2 Nh5 15.
Bh2 Nf4 16. Ne2 f5 17. Nxf4 gxf4 18. Qe2 fxe4 19. dxe4 Qf6 20. Rad1 Rf7 21. Rd3
Kh8 22. Kh1 Rg8 23. Nd2 Rfg7 24. g3 Qg6 25. g4 h5 26. f3 Rh7 27. Kg2 hxg4 28.
fxg4 Be3 29. Rxe3 fxe3 30. Qxe3 Qh6 31. Qd3 Rxg4+ 0-1